000 00333nam a2200145Ia 4500
008 230718s9999 xx 000 0 und d
041 _aEng.
082 _a340
_bMOS-P
100 _aMossed, Tahir
245 0 _aPakistan law Journal
260 _aPakistan
_bALL Pakistan legal
_c1985
300 _a574
650 _aLaw
999 _c27377
_d27377